书目信息 |
| 题名: |
颗粒增强钛基复合材料
|
|
| 作者: | 宋卫东 , 王成 , 毛小南 著 | |
| 分册: | ||
| 出版信息: | 北京 科学出版社 2017 |
|
| 页数: | 277页, [6] 页图版 | |
| 开本: | 24cm | |
| 丛书名: | ||
| 单 册: | ||
| 中图分类: | TB331 | |
| 科图分类: | ||
| 主题词: | 钛基合金--tai ji he jin--金属复合材料--研究 | |
| 电子资源: | ||
| ISBN: | 978-7-03-052336-5 | |
| 000 | 01569nam0 2200289 450 | |
| 001 | 012001000014 | |
| 005 | 20131104145628.0 | |
| 010 | @a978-7-03-052336-5@dCNY128.00 | |
| 099 | @aCAL 012017111243 | |
| 100 | @a20170707d2017 em y0chiy50 ea | |
| 101 | 0 | @achi |
| 102 | @aCN@b110000 | |
| 105 | @aafk a 000yy | |
| 106 | @ar | |
| 200 | 1 | @a颗粒增强钛基复合材料@Ake li zeng qiang tai ji fu he cai liao@e加工制备、性能与表征@d= Particulate reinforced titanium matrix compistite@efabrication, properties and characterization@f宋卫东, 王成, 毛小南著@zeng |
| 210 | @a北京@c科学出版社@d2017 | |
| 215 | @a277页, [6] 页图版@c图 (部分彩图)@d24cm | |
| 320 | @a有书目 | |
| 330 | @a作为金属基复合材料中的佼佼者,钛基复合材料由于其比强度高、比模量大、耐高温、耐腐蚀等优良性能,在国内外引起了广泛的研究兴趣。对钛基复合材料的关注虽然不少,但针对钛基复合材料的研究分布比较零散,研究者对钛基复合材料的基本问题缺乏清晰的、结构完整的概念。本书针对这一现状,查阅大量文献,结合本书作者多年对钛基复合材料的研究经验,使用六章内容详尽的介绍了钛基复合材料的定义、特性及应用、分类、研究方法、研究现状、制备方法、微观结构、力学性能、数值模拟、损伤失效等,完成了钛基复合材料相关知识的体系架构。 | |
| 510 | 1 | @aParticulate reinforced titanium matrix compistite@efabrication, properties and characterization@zeng |
| 606 | 0 | @a钛基合金@Atai ji he jin@x金属复合材料@x研究 |
| 690 | @aTB331@v5 | |
| 701 | 0 | @a宋卫东@Asong wei dong@4著 |
| 701 | 0 | @a王成@Awang cheng@4著 |
| 701 | 0 | @a毛小南@Amao xiao nan@4著 |
| 801 | 0 | @aCN@b北京卓展文化@c20191020 |
| 905 | @b1195044-7@dTB331@e459@f4 | |
| 颗粒增强钛基复合材料:加工制备、性能与表征= Particulate reinforced titanium matrix compistite:fabrication, properties and characterization/宋卫东, 王成, 毛小南著.-北京:科学出版社,2017 |
| 277页, [6] 页图版:图 (部分彩图);24cm |
| ISBN 978-7-03-052336-5:CNY128.00 |
| 作为金属基复合材料中的佼佼者,钛基复合材料由于其比强度高、比模量大、耐高温、耐腐蚀等优良性能,在国内外引起了广泛的研究兴趣。对钛基复合材料的关注虽然不少,但针对钛基复合材料的研究分布比较零散,研究者对钛基复合材料的基本问题缺乏清晰的、结构完整的概念。本书针对这一现状,查阅大量文献,结合本书作者多年对钛基复合材料的研究经验,使用六章内容详尽的介绍了钛基复合材料的定义、特性及应用、分类、研究方法、研究现状、制备方法、微观结构、力学性能、数值模拟、损伤失效等,完成了钛基复合材料相关知识的体系架构。 |
| ● |
| 相关链接 |
|
|
|
|
正题名:颗粒增强钛基复合材料
索取号:TB331/459
 
预约/预借
| 序号 | 登录号 | 条形码 | 馆藏地/架位号 | 状态 | 备注 |
| 1 | 1195044 | 211950441 | 第二样本阅览室/ [索取号:TB331/459] | 在馆 | |
| 2 | 1195045 | 211950450 | 第三借阅区/ [索取号:TB331/459] | 在馆 | |
| 3 | 1195046 | 211950469 | 第三借阅区/ [索取号:TB331/459] | 在馆 | |
| 4 | 1195047 | 211950478 | 第三借阅区/ [索取号:TB331/459] | 在馆 |